Israel, Turkey and Greece : uneasy relations in the East Mediterranean

Αποθηκεύτηκε σε:
Λεπτομέρειες βιβλιογραφικής εγγραφής
Κύριος συγγραφέας: Nachmani, Amikam
Μορφή: Βιβλίο
Γλώσσα:English
Δημοσίευση: London : Frank Cass, c1987
Θέματα:
Ετικέτες: Προσθήκη ετικέτας
Δεν υπάρχουν, Καταχωρήστε ετικέτα πρώτοι!

MARC

LEADER 00000nam a2200000 i 4500
001 1/80110
008 990507s1987 eng d
020 |a 0-7146-3321-6 
035 |l 10050553 
040 |a GR-MY-UA  |b gre  |e aacr 
041 0 |a eng 
082 0 |a 327.560495 
100 1 |a Nachmani, Amikam. 
245 1 0 |a Israel, Turkey and Greece :  |b uneasy relations in the East Mediterranean /  |c Amikam Nachmani 
260 |a London :   |b Frank Cass,   |c c1987 
300 |a 130 p. 
504 |a Includes index 
600 1 0 |a Sasson Eliahu  |d 1902- 
651 0 |a Israel  |x Foreign relations  |z Turkey. 
651 0 |a Turkey  |x Foreign relations  |y Israel. 
651 0 |a Israel  |x Foreign relations  |z Greece. 
651 0 |a Greece  |x Foreign relations  |z Israel. 
852 |a INST  |b LESVOS  |e 19990507  |h 327.560495 NAC  |p 005100016492  |q 005100016492  |t BK  |y 0 
901 |a BIBL1-1999-2 
909 |a Λ  |b 061669 
922 |a 1ΕΛΗ  |b 199812  |c ΚΠΣ/ΤΓ  |d ΠΑΠΑΣΩΤΗΡΙΟΥ 
950 |a 118-1998-07-21